00374nam a2200145 a 450000100100000000500170001000800410002702000150006804000250008310000160010824500280012425000110015226000450016330000200020800002769520200930031026.0110404s1985 ag 000 0 spa d a9505247087 aDO-SdBNPbspacBNPHU1 aLind, frank10aEl tarot /cFrank Lind. a3a ed. aBuenos Aires :bEdicoines Lidiun,c1985. a85 p. ;c19 cm.